Marketing science & inspirations vedecký časopis zameraný na problematiku marketingu a marketingového manažmentu

Enregistré dans:
Détails bibliographiques
Format: Publication en série
Langue:slovaque
tchèque
anglais
Publié: Bratislava Univerzita Komenského v Bratislave
Sujets:
Tags: Ajouter un tag
Pas de tags, Soyez le premier à ajouter un tag!

MARC

LEADER 00000nas1a2200000 4500
001 0173349
005 20251211110713.4
022 |a 1338-7944 
041 0 |a slo 
041 0 |a cze 
041 0 |a eng 
044 |a SK 
245 1 0 |a Marketing science & inspirations  |b vedecký časopis zameraný na problematiku marketingu a marketingového manažmentu 
264 1 |a Bratislava  |b Univerzita Komenského v Bratislave 
610 2 0 |a marketing 
610 2 0 |a stratégia marketingová 
610 2 0 |a nástroje marketingové 
610 2 0 |a komunikácia marketingová 
610 2 0 |a podnikanie